|
|
|
|
| LEADER |
03067nam a22003737a 4500 |
| 001 |
45188 |
| 003 |
BD-DhAAL |
| 005 |
20260225104444.0 |
| 008 |
251217t2015 |||a|||| b||| 001 0 eng d |
| 020 |
|
|
|a 9781257992546
|
| 040 |
|
|
|a BD-DhAAL
|c BD-DhAAL
|
| 082 |
1 |
4 |
|a 005.1
|2 23
|
| 100 |
1 |
|
|a Eijkhout, Victor.
|9 59944
|
| 245 |
1 |
0 |
|a Introduction to high performance scientific computing /
|c Victor Eijkhout with Edmond Chow, Robert van de Geijn.
|
| 250 |
|
|
|a Second edition, revision 2015.
|
| 260 |
|
|
|a [Raleigh, N.C.] :
|b lulu,
|c [2015].
|
| 300 |
|
|
|a 523 pages :
|b illustrations ;
|c 28 cm
|
| 500 |
|
|
|a [First published 2012]
|
| 504 |
|
|
|a Includes bibliographical references (pages 497-505) and index
|
| 526 |
8 |
|
|a CSE
|x Annajiat Alim Rasel
Senior Lecturer
Department of CSE
Course Name and No.: Distributed Computing Systems (CSE 707)
|
| 541 |
1 |
|
|a R K Corporation
|e 45188, 45189, 45190, 45191, 45192
|
| 650 |
|
0 |
|a Computer programming.
|
| 650 |
|
0 |
|a High performance computing.
|9 59960
|
| 650 |
|
0 |
|a Science
|x Data processing.
|
| 650 |
|
0 |
|a Computer science.
|
| 700 |
1 |
|
|a Chow, Edmond,
|e author.
|9 59961
|
| 700 |
1 |
|
|a Geijn, Robert van de,
|e author.
|9 59962
|
| 942 |
|
|
|2 ddc
|c BK
|
| 999 |
|
|
|c 47671
|d 47671
|
| 952 |
|
|
|0 0
|1 0
|2 ddc
|4 0
|6 005_100000000000000_EIJ
|7 0
|9 78635
|a BRACUL
|b BRACUL
|c GEN
|d 2025-12-14
|e R K Corporation
|g 11500.00
|l 0
|o 005.1 EIJ
|p 3010045191
|r 2025-12-14
|t 4
|v 23000.00
|w 2025-12-14
|y BK
|x Requisitioned by Annajiat Alim Rasel (Senior Lecturer, Department of CSE, BRAC University) for the course named - Distributed Computing Systems (CSE 707)
|
| 952 |
|
|
|0 0
|1 0
|2 ddc
|4 0
|6 005_100000000000000_EIJ
|7 0
|9 78636
|a BRACUL
|b BRACUL
|c NEW
|d 2025-12-14
|e R K Corporation
|g 11500.00
|l 0
|o 005.1 EIJ
|p 3010045189
|r 2025-12-14
|t 2
|v 23000.00
|w 2025-12-14
|y BK
|x Requisitioned by Annajiat Alim Rasel (Senior Lecturer, Department of CSE, BRAC University) for the course named - Distributed Computing Systems (CSE 707)
|
| 952 |
|
|
|0 0
|1 0
|2 ddc
|4 0
|6 005_100000000000000_EIJ
|7 0
|9 78637
|a BRACUL
|b BRACUL
|c GEN
|d 2025-12-14
|e R K Corporation
|g 11500.00
|l 0
|o 005.1 EIJ
|p 3010045192
|r 2025-12-14
|t 5
|v 23000.00
|w 2025-12-14
|y BK
|x Requisitioned by Annajiat Alim Rasel (Senior Lecturer, Department of CSE, BRAC University) for the course named - Distributed Computing Systems (CSE 707).
|
| 952 |
|
|
|0 0
|1 0
|2 ddc
|4 0
|6 005_100000000000000_EIJ
|7 0
|9 78638
|a BRACUL
|b BRACUL
|c GEN
|d 2025-12-14
|e R K Corporation
|g 11500.00
|l 0
|o 005.1 EIJ
|p 3010045190
|r 2025-12-14
|t 3
|v 23000.00
|w 2025-12-14
|y BK
|x Requisitioned by Annajiat Alim Rasel (Senior Lecturer, Department of CSE, BRAC University) for the course named - Distributed Computing Systems (CSE 707)
|
| 952 |
|
|
|0 0
|1 0
|2 ddc
|4 0
|6 005_100000000000000_EIJ
|7 0
|9 78639
|a BRACUL
|b BRACUL
|c CIR
|d 2025-12-14
|e R K Corporation
|g 11500.00
|l 0
|o 005.1 EIJ
|p 3010045188
|r 2025-12-14
|t 1
|v 23000.00
|w 2025-12-14
|y 1HOUR
|x Requisitioned by Annajiat Alim Rasel (Senior Lecturer, Department of CSE, BRAC University) for the course named - Distributed Computing Systems (CSE 707); As instructed by the University Librarian, the book has been placed on a one-hour loan period following the receipt of five copies.
|